000 01362pam a22003734a 4500
001 15255100
003 OSt
005 20200602100842.0
008 080410m20042005ii ab b 001 0 eng
010 _a 2008307846
020 _a9788125027102
020 _a8125027106 (v. 2)
025 _aI-E-2008-307846; 61-92; 62-92
040 _aDLC
_coclc
042 _alcode
043 _aa-ii---
050 0 0 _aHC433
_b.C35 2004
082 _a330.954
_bKUM/C
100 _92468
_akumar, Dharma
245 0 4 _aThe Cambridge Economic History Of India Vol - 2 (1757-2003) /
_cDharma Kumar ; Meghnad Desai ; Sabyasachi Bhattacharya
260 _aHyderabad :
_bOrient Longman in association with Cambridge University Press,
_c2004-2005.
300 _a1115p
500 _aVol. 2 edited by: Dharma Kumar with editorial assistance of Meghnad Desai ; introduction by Sabyasachi Bhattacharya.
504 _aIncludes bibliographical references and index.
505 1 _av. 1. c.1200-c.1750 -- v. 2. c. 1757-2003.
651 0 _aIndia
_xEconomic conditions.
700 1 _aRaychaudhuri, Tapan.
700 1 _aHabib, Irfan,
_d1931-
700 0 _aDharma Kumar.
700 1 _aDesai, Meghnad.
906 _a7
_bcbc
_corignew
_d2
_encip
_f20
_gy-gencatlg
942 _2ddc
_cBK
_h330.954
_iKUM/C
_k330.954
_mKUM/C
999 _c21251
_d21251